Dynamics of social populations /
Guardat en:
| Autor principal: | |
|---|---|
| Altres autors: | |
| Format: | Article |
| Idioma: | English |
| Matèries: | |
| Etiquetes: |
Afegir etiqueta
Sense etiquetes, Sigues el primer a etiquetar aquest registre!
|
| Thư viện lưu trữ: | Thư viện Trường Đại học Đà Lạt |
|---|
| LEADER | 00906nam a2200325 4500 | ||
|---|---|---|---|
| 001 | DLU090078577 | ||
| 005 | ##20090608 | ||
| 040 | # | # | |a DLU |b eng |
| 041 | # | # | |a eng |
| 044 | # | # | |a UK |
| 100 | # | # | |a Gopalsamy, K. |
| 245 | # | # | |a Dynamics of social populations / |c K. Gopalsamy, Pingzhou Liu. |
| 653 | # | # | |a Chaos |
| 653 | # | # | |a Equilibrium |
| 653 | # | # | |a Extinction |
| 653 | # | # | |a Population dynamics |
| 653 | # | # | |a Stability |
| 653 | # | # | |a Threshold |
| 653 | # | # | |a Time delay |
| 700 | # | # | |a Liu, Pingzhou. |
| 773 | # | # | |t Nonlinear Analysis, Theory, Methods & Applications |g Vol. 30, part 5 (December 1997), p. 2595-2604 |
| 920 | # | # | |a Phòng Tạp chí -- Trung tâm Thông tin - Thư viện Trường Đại học Đà Lạt |
| 994 | # | # | |a DLU |
| 900 | # | # | |a True |
| 911 | # | # | |a Trương Bảo Trâm Anh |
| 925 | # | # | |a G |
| 926 | # | # | |a A |
| 927 | # | # | |a BB |
| 980 | # | # | |a Thư viện Trường Đại học Đà Lạt |